000 00378nam a22001577a 4500
003 OSt
005 20210915084616.0
008 210915b |||||||| |||| 00| 0 eng d
040 _cHU
082 _a519.2/MAR
100 _aMarkley Nelson G.
_93695
245 _a INTRODUCTION TO PROBABILITY
260 _aU. S. A.
_bGNN CUSTOM
_c1982.
300 _a243p.
942 _2ddc
_cBOOKS
_n0
999 _c3925
_d3925